Biodiversity loss : economic and ecological issues
Αποθηκεύτηκε σε:
| Άλλοι συγγραφείς: | |
|---|---|
| Μορφή: | Βιβλίο |
| Γλώσσα: | English |
| Δημοσίευση: |
Cambridge :
Cambridge University Press,
1995
|
| Θέματα: | |
| Ετικέτες: |
Προσθήκη ετικέτας
Δεν υπάρχουν, Καταχωρήστε ετικέτα πρώτοι!
|
MARC
| LEADER | 00000nam a2200000 i 4500 | ||
|---|---|---|---|
| 001 | 1/94145 | ||
| 008 | 960202s1995 eng d | ||
| 020 | |a 0-521-47178-8 | ||
| 035 | |l 10009110 | ||
| 040 | |a GR-MY-UA |b gre |e aacr | ||
| 041 | 0 | |a eng | |
| 082 | 0 | |a 333.9516 | |
| 245 | 1 | 0 | |a Biodiversity loss : |b economic and ecological issues / |c Edited by Charles Perrings...[et al.] |
| 260 | |a Cambridge : |b Cambridge University Press, |c 1995 | ||
| 300 | |a 332 p. |b tables; fig. | ||
| 500 | |a "Outcome of the first research programme of the royal Swedish academy of sciences' Beijer institute"- Pref. | ||
| 504 | |a Includes bibliographical references. | ||
| 650 | 0 | 0 | |a Biological diversity conservation. |
| 650 | 0 | 0 | |a Biological diversity conservation |x Economic aspects. |
| 700 | 1 | |a Perrings, Charles. |4 edt | |
| 852 | |a INST |b LESVOS |e 19960202 |h 333.9516 BIO |p 005100007338 |q 005100007338 |t BK |y 0 | ||
| 909 | |a Λ |b 043389 | ||
| 950 | |a 054-1994-04-12 | ||